|
|
|
|
| LEADER |
01019pam a22002658a 4500 |
| 001 |
00021632 |
| 005 |
20171026081022.0 |
| 008 |
110525s2007 ||||||Viesd |
| 041 |
0 |
# |
|a Vie
|
| 082 |
1 |
4 |
|a 572.807 6
|b GI108TR
|
| 100 |
0 |
# |
|a Nguyễn Hoàng Lộc
|
| 245 |
0 |
0 |
|a Giáo trình sinh học phân tử
|c Nguyễn Hoàng Lộc, Trần Thị Lệ, Hà Thị Minh Thi
|
| 260 |
# |
# |
|a Huế
|b ĐH Huế
|c 2007
|
| 300 |
# |
# |
|a 266 tr.
|c 20 cm.
|
| 650 |
# |
4 |
|a Giáo trình
|
| 650 |
# |
4 |
|a Sinh học phân tử
|
| 653 |
# |
# |
|a Di truyền
|
| 700 |
0 |
# |
|a Hà Thị Minh Thi
|e tác giả
|
| 700 |
0 |
# |
|a Trần Thị Lệ
|e tác giả
|
| 852 |
# |
# |
|b Kho giáo trình
|j KGT.0009769, KGT.0009770, KGT.0009771, KGT.0009772
|
| 852 |
# |
# |
|b Kho mượn
|j KGT.0009769
|
| 852 |
# |
# |
|b Kho đọc
|j KD.0007890
|
| 852 |
# |
# |
|j KD.0007890
|j KGT.0009769
|j KGT.0009771
|j KGT.0009772
|j KGT.0009770
|
| 910 |
0 |
# |
|a nhnam
|d 25/05/2011
|
| 980 |
# |
# |
|a Trung tâm Học liệu Lê Vũ Hùng, Trường Đại học Đồng Tháp
|